000 00381nam a2200157Ia 4500
008 230917s9999||||xx |||||||||||||| ||und||
020 _cPOU12
040 _e7625
_aMAIN
041 _aEnglish
082 _a332.10952 P926M
100 _aPressnell, L S. ed.
245 0 _aMoney and banking in Japan
260 _aLondon
_bMacmillan
_c1973
300 _axix, 456 p.
942 _cBK
999 _c217064
_d217064